Largest Comuni (Cities and Towns) of ITALY by First Letter - Statistics

General Stats
  • This quiz has been taken 191 times
  • The average score is 14 of 24
Answer Stats
Letter Population COMUNE % Correct
M 1,345,851 Milan
99%
R 2,864,731 Rome
99%
N 974,074 Naples
96%
T 890,529 Turin
96%
V 263,352 Venice
96%
F 382,808 Florence
95%
G 586,655 Genoa
95%
P 674,435 Palermo
92%
B 386,663 Bologna
90%
C 314,555 Catania
83%
A 100,861 Ancona
66%
L 159,219 Leghorn
65%
U 99,169 Udine
63%
S 135,261 Salerno
56%
I 69,797 Imola
53%
O 59,368 Olbia
38%
J 40,399 Jesi
30%
Q 71,125 Quartu Sant'Elena
27%
E 53,709 Ercolano
22%
D 41,865 Desio
19%
H 1,166 Hone
16%
Z 18,770 Zola Predosa
8%
K 7,908 Kaltern an der Weinstrasse
1%
W 2,895 Welsberg-Teisten
1%
No matching quizzes found
Score Distribution
Percent of People with Each Score
Percentile by Number Answered
Your Score History
You have not taken this quiz